000 00513nam a22001937a 4500
003 CEME
005 20210628201717.0
008 210215b xxu||||| |||| 00| 0 eng d
020 _a81-7808-228-4
040 _c.
082 _a005.13 BUD
100 _aBudd, Timothy
_956461
245 _aAn introduction to object oriented programming
250 _a2ND
260 _aINDIA
_bADDISON WESLEY
_c2000
300 _aXVIII,450P
650 _aOBJECT ORIENTD PROGRAMMING-COMPUTER SCIENCE
_956462
942 _cBK
_2ddc
999 _c566869
_d566869